000 00786nas a2200277 4500
001 BR7308015
003 BR-BrBNA
005 20231205082643.0
007 ta
008 230509b bl.|||p| |||| 00| 00por d
040 _aBR-BrBNA
_bpor
_cBiblioteca Nacional de Agricultura
041 _a(Pt)
072 _aS10; Q10
100 1 _aStolf, S.R.
100 1 _aSiozawa, Y.
100 1 _aMiya, E.E.
100 1 _aSilva, S.D. da
245 1 _aInfluencia do teor de polpa na concentracao do suco de laranja
650 _aSUCO
650 _aLARANJA
650 _aSUCO CONCENTRADO
650 _aPOLPA
773 0 _tColetanea do Instituto de Tecnologia de Alimentos (Brazil)
_x
_g(1973), v. 5 p. 145-170
_wBR7308015
909 _a202311
_bLúcia
_c55
_dLúcia Elande
942 _2AGRIS
_n0
_cANA
999 _c93508
_d93508